000 00282nam a22001337a 4500
008 170208b xxu||||| |||| 00| 0 eng d
020 _a0877053707
041 _aeng
080 _a61
100 _a4
101 _aSHM
245 _aWHOLISTIC HEALTH
_cTUBESING, D.A
942 _2udc
_cBK
999 _c4886
_d4886